Le devenir de la religion
Uloženo v:
| Hlavní autor: | |
|---|---|
| Médium: | Kniha |
| Jazyk: | francouzština |
| Vydáno: |
París
Aubier
1939
|
| Edice: | Philosophie de l'Esprit
|
| Témata: | |
| Tagy: |
Přidat tag
Žádné tagy, Buďte první, kdo vytvoří štítek k tomuto záznamu!
|
MARC
| LEADER | 00000nam a2200000 a 4500 | ||
|---|---|---|---|
| 001 | UCZ5288 | ||
| 003 | CL-VaPUC | ||
| 008 | 951117e19390000FR |||||||||||||||||fre|d | ||
| 082 | 0 | 4 | |a 201 |b WHI |2 21 |
| 100 | |a Whitehead, Alfred North |e auteur |9 349242 | ||
| 245 | 1 | 3 | |a Le devenir de la religion |
| 300 | |a 192 p | ||
| 942 | |c BK | ||
| 945 | |d 19951117 00:00:00 |a lriquelm | ||
| 260 | |a París |b Aubier |c 1939 | ||
| 650 | 0 | |a Filosofía cristiana |9 265980 | |
| 650 | 0 | |a Religión |9 255164 | |
| 650 | 0 | |a Filosofía del espíritu |9 320175 | |
| 650 | 0 | |a Racionalismo |9 259116 | |
| 650 | 0 | |a Metafísica |9 265649 | |
| 650 | 0 | |a Verdad |9 313815 | |
| 650 | 0 | |a Creencia Religiosa |9 316904 | |
| 583 | |a last modification |c 19951117 00:00:00 |k Rodrigo Vera | ||
| 490 | 0 | |a Philosophie de l'Esprit | |
| 999 | |c 241607 |d 241605 | ||
| 952 | |0 0 |1 0 |4 0 |6 201_000000000000000_WHI_1939 |7 0 |8 P |9 253983 |a BIBEDU |b BIBEDU |d 2019-11-19 |i 1573845 |o 201 WHI 1939 |p 1573845 |r 2019-11-19 |w 2019-11-19 |y BK |k FIL | ||